000 00689nam a22001937a 4500
999 _c176380
_d176380
005 20201230152011.0
010 _aUR-10970
020 _c500.00
_a9789389733518
035 _aU-9525
037 _bDBAD/PUB
082 _a844.08
100 _aمحمد مطيع ا للہ نا ز ش
245 _aعکس معا شرہ
_cمحمد مطيع ا للہ نا ز ش
246 _bAks-e-Muasharah (Urdu)
_aby Mohd. Motiullah Nazish
260 _aN.Delhi
_bEducational Publishing House
_c2019 ء
270 _aH.O.D1/16,Ansari Road,Darya ganj,
_bN.Delhi
_e110002
_k45678285,23216162
_l0091-11-23211540
300 _a552 ص
_c22 Cm(Hb)
942 _2ddc
_cUR
_h844.08
_mن ا ز